| 000 | 00430nam a2200145 a 4500 | ||
|---|---|---|---|
| 001 | 3478 | ||
| 003 | CDMR | ||
| 005 | 20130116135244.0 | ||
| 008 | 130130s1988||||||||||||||||||||||||||||d | ||
| 040 |
_aCDMR _bcat _cCDMR |
||
| 100 | 1 |
_aParés i Maicas, Manuel _9794 |
|
| 245 | 1 | 0 | _aSpanish bibliography on mass communication |
| 260 |
_aBellaterra _c1988 _bUniv. Autònoma de Barcelona. Facultat de Ciències de la Comunicació |
||
| 942 | _cMON | ||
| 999 |
_c3478 _d3478 |
||